Ostpreußen 1944/45
| Titel: | Ostpreußen 1944/45 : Krieg im Nordosten des Deutschen Reiches / Richard Lakowski |
|---|---|
| Verfasser: | |
| Veröffentlicht: | Paderborn : Ferdinand Schöningh, 2016 |
| Umfang: | VI, 264 Seiten : Illustrationen, Karten ; 24 cm |
| Format: | Buch |
| Sprache: | Deutsch |
| Schriftenreihe/ mehrbändiges Werk: |
Zeitalter der Weltkriege ; Band 15 |
| ISBN: | 9783506785749 ; 3506785745 |
| Hinweise zum Inhalt: |
Inhaltsverzeichnis
|
alg: 38651549 001A $06000:01-09-16 001B $01999:13-12-25 $t10:26:54.000 001D $00043:26-10-16 001U $0utf8 001X $00 002@ $0Aau 002C $aText $btxt $2rdacontent 002D $aohne Hilfsmittel zu benutzen $bn $2rdamedia 002E $aBand $bnc $2rdacarrier 003@ $0386515492 003O $0957080888 $aOCoLC 004A $A978-3-506-78574-9 $fFesteinband : circa EUR 29.90 (DE), circa EUR 30.80 (AT), circa sfr 36.80 (freier Preis) 004A $03-506-78574-5 004K $09783506785749 006C $0956513067 006G $01109802439 006H $0TOCNEUA1635 $2DNB 006T $016,N32 006U $016,A37 $f20160802 007A $01109802439 $aDNB 007G $0DE0200824728C75F6ABA0C125804A003FAF48 009P $qapplication/pdf $A2 $3Inhaltsverzeichnis $uhttps://scans.hebis.de/HEBCGI/show.pl?38651549_toc.pdf $mV:DE-603;B:DE-Mb50 010@ $ager 010E $erda 011@ $a2016 017A $asf 021A $aOstpreußen 1944/45 $dKrieg im Nordosten des Deutschen Reiches $hRichard Lakowski 028A $BVerfasser $#Lakowsky, Richard $4aut $712126758X $8Lakowski, Richard$Z1938- [Tp3] $9152682694 033A $pPaderborn $02178840-6 $nFerdinand Schöningh 034D $aVI, 264 Seiten 034I $a24 cm 034M $aIllustrationen, Karten 036E $aZeitalter der Weltkriege $lBand 15 037A $a4201 Literaturverzeichnis: Seite 253-262 039U $aRezension in $8--Aou--Tewes, Ludger$Z1955- [Tp3]. [Lakowski, Richard: Ostpreußen 1944/45], 2016 $9403074010 039U $aRezension in $8--Oou--Willems, Bastiaan$Z1985- [Tp3]. [Richard Lakowski: Ostpreußen 1944/45], 2017 $9475294424 039U $aRezension in $8--Oou--Wurzer, Georg$Z1964- [Tp3]. [Richard Lakowski: Ostpreußen 1944/45], 2017 $9494233001 039U $aRezensiert in $8--Aou--Tauber, Joachim$Z1958- [Tp1]. [Richard Lakowski: Ostpreußen 1944/45], 2017 [2019] $9450024741 039U $aRezension in $8--Aou--Göllnitz, Martin$Z1982- [Tp3]. [Richard Lakowski: Ostpreußen 1944/45], 2020 $9529701219 044K $qDNB $#Ostpreußen $#Ostpreußen $#Provinz Ostpreußen $74075754-7 $8Ostpreußen [Tg1] $9085214493 044K $qDNB $RWeltkrieg $#World War, 1939-1945 $#Guerre mondiale (1939-1945) $#Weltkrieg 1939-1945 $#2. Weltkrieg $#Weltkrieg 2 $#II. Weltkrieg $#Weltkrieg II $74079167-1 $8Zweiter Weltkrieg [Tsz] $9085224618 044K $qDNB $RKrieg $#War Termination $#Guerre Fin $#Kriegsende $#Kriegsbeendigung/Kriegsende $#Kriegsbeendigungsabkommen $#Krieg Ende $74114316-4 $8Kriegsende [Ts1] $9085341592 045E $c943 045F $a943.0864 $eDDC22ger 045F/01 $a943.0864 045F/03 $g43832 045G $a900.94383209043 $eDDC23BSB 045G/01 $a900 045G/03 $f09043 045G/03 $f09044 045G/03 $f0904 045G/03 $g43832 045G/03 $g43 045G/03 $g471 045H $a355.00943 $eDDC23BSB 045H/01 $a355.009 045H/03 $g43 045H/03 $g471 045I $a306.0943832 $eDDC23BSB 045I/01 $a306.09 045I/03 $g43832 045R $aGeschichte 1944-1945 lok: 38651549 11 exp: 38651549 11 1 #EPN 201B/01 $026-10-16 $t10:24:17.000 201C/01 $011-10-16 201U/01 $0utf8 203@/01 $0784409676 208@/01 $a26-10-16 $bz 209A/01 $a60 16 A 5959 $du $f100 $x00 209B/01 $a020/1610 $x05 209G/01 $a83590050 $x00 247C/01 $8620100-3 <43>Wiesbaden, Hochschul- und Landesbibliothek RheinMain, Rheinstraße $9102599572 lok: 38651549 24 101B $006-10-16 $t16:38:09.000 101C $006-10-16 101U $0utf8 145Z/01 $a6 7 N 145Z/02 $a63 14 B 145Z/03 $a63 7 N 145Z/04 $a6 3 H 145Z/05 $a63 7 Nk exp: 38651549 24 1 #EPN 201B/01 $006-10-16 $t16:38:09.000 201C/01 $028-09-16 201U/01 $0utf8 203@/01 $0783150687 208@/01 $a06-10-16 $bz 209A/01 $a16.07085 $du $f050 $h16 07085 $x00 209C/01 $a16.07085 K $h16 07085 K 209G/01 $a73914744 $x00 220C/01 $ahae 247C/01 $8358050-7Marburg, Bibliothek des Herder-Instituts Marburg $9102600961 lok: 38651549 78 exp: 38651549 78 1 #EPN 201B/01 $012-05-17 $t13:53:03.000 201C/01 $012-05-17 201U/01 $0utf8 203@/01 $0806703806 208@/01 $a12-05-17 $be 209A/01 $a/ $f000 $x00 209A/01 $ab*p $x01 220C/01 $apgar 244Z/01 $#Preußen $#Preußen $#Brandenburg-Preußen $#Königreich Preußen $#Preußische Staaten $#Preußischer Staat $#Der @Preußische Staat $#Königlich Preußische Staaten $#Prusy Królewskie $#Königlich Preußen $#Prussia $74047194-9 $8--Tg1--Preußen $x01 $9085131652 247C/01 $82080>Marburg/Lahn, Herder-Institut, Forschungsbibliothek, Bibliographieportal $9336309341 lok: 38651549 205 exp: 38651549 205 1 #EPN 201B/01 $019-08-19 $t12:57:56.000 201C/01 $015-01-18 201U/01 $0utf8 203@/01 $01015264131 208@/01 $a12-02-18 $bz 209A/01 $a001 NZN H 163505 $db $f000 $x00 209B/01 $a80 $x05 209C/01 $a1 2018/01055 209C/01 $anel1802na 209G/01 $a69514596 $x00 209G/01 $aFreihandbereich $x01 220B/01 $aaltbik403 247C/01 $8351000-1 <4>Marburg, Universität Marburg, Universitätsbibliothek $9102594767
| LEADER | 00000cam a2200000 c 4500 | ||
|---|---|---|---|
| 001 | 386515492 | ||
| 003 | DE-603 | ||
| 005 | 20251213102654.0 | ||
| 007 | tu | ||
| 008 | 160901s2016 xx |||| | u00||u|ger | ||
| 015 | |a 16,A37 |z 16,N32 |2 dnb | ||
| 016 | 7 | |2 DE-101 |a 1109802439 | |
| 020 | |a 9783506785749 |c Festeinband : circa EUR 29.90 (DE), circa EUR 30.80 (AT), circa sfr 36.80 (freier Preis) | ||
| 020 | |a 3506785745 | ||
| 024 | 3 | |a 9783506785749 | |
| 035 | |a (DE-599)DNB1109802439 | ||
| 035 | |a (OCoLC)957080888 | ||
| 040 | |a DE-603 |b ger |c DE-603 |d DE-603 |e rda | ||
| 041 | |a ger | ||
| 082 | 0 | 4 | |8 1\u |a 943.0864 |q DE-101 |2 22/ger |
| 083 | 0 | |8 2\u |a 900.94383209043 |q DE-101 |2 23/BSB | |
| 083 | 0 | |8 3\u |a 355.00943 |q DE-101 |2 23/BSB | |
| 083 | 0 | |8 4\u |a 306.0943832 |q DE-101 |2 23/BSB | |
| 084 | |a 943 |q DE-101 |2 sdnb | ||
| 085 | |8 1\u |b 943.0864 | ||
| 085 | |8 1\u |z 2 |s 43832 | ||
| 085 | |8 2\u |b 900 | ||
| 085 | |8 2\u |z 1 |s 09043 | ||
| 085 | |8 2\u |z 1 |s 09044 | ||
| 085 | |8 2\u |z 1 |s 0904 | ||
| 085 | |8 2\u |z 2 |s 43832 | ||
| 085 | |8 2\u |z 2 |s 43 | ||
| 085 | |8 2\u |z 2 |s 471 | ||
| 085 | |8 3\u |b 355.009 | ||
| 085 | |8 3\u |z 2 |s 43 | ||
| 085 | |8 3\u |z 2 |s 471 | ||
| 085 | |8 4\u |b 306.09 | ||
| 085 | |8 4\u |z 2 |s 43832 | ||
| 090 | |a b | ||
| 100 | 1 | |a Lakowski, Richard |d 1938- |e Verfasser |4 aut |0 (DE-603)152682694 |0 (DE-588)12126758X |2 gnd | |
| 245 | 0 | 0 | |a Ostpreußen 1944/45 |b Krieg im Nordosten des Deutschen Reiches |c Richard Lakowski |
| 264 | 1 | |a Paderborn |b Ferdinand Schöningh |c 2016 | |
| 300 | |a VI, 264 Seiten |b Illustrationen, Karten |c 24 cm | ||
| 336 | |a Text |b txt |2 rdacontent | ||
| 337 | |a ohne Hilfsmittel zu benutzen |b n |2 rdamedia | ||
| 338 | |a Band |b nc |2 rdacarrier | ||
| 490 | 0 | |a Zeitalter der Weltkriege |v Band 15 | |
| 500 | |a 4201 Literaturverzeichnis: Seite 253-262 | ||
| 648 | 7 | |a Geschichte 1944-1945 |2 gnd | |
| 650 | 7 | |a Zweiter Weltkrieg |0 (DE-588)4079167-1 |0 (DE-603)085224618 |2 gnd | |
| 650 | 7 | |a Kriegsende |0 (DE-588)4114316-4 |0 (DE-603)085341592 |2 gnd | |
| 651 | 7 | |a Ostpreußen |0 (DE-588)4075754-7 |0 (DE-603)085214493 |2 gnd | |
| 787 | 0 | 8 | |i Rezension in |a Tewes, Ludger, 1955- |t [Lakowski, Richard: Ostpreußen 1944/45] |w (DE-603)403074010 |
| 787 | 0 | 8 | |i Rezension in |a Willems, Bastiaan, 1985- |t [Richard Lakowski: Ostpreußen 1944/45] |w (DE-603)475294424 |
| 787 | 0 | 8 | |i Rezension in |a Wurzer, Georg, 1964- |t [Richard Lakowski: Ostpreußen 1944/45] |w (DE-603)494233001 |
| 787 | 0 | 8 | |i Rezensiert in |a Tauber, Joachim, 1958- |t [Richard Lakowski: Ostpreußen 1944/45] |w (DE-603)450024741 |
| 787 | 0 | 8 | |i Rezension in |a Göllnitz, Martin, 1982- |t [Richard Lakowski: Ostpreußen 1944/45] |w (DE-603)529701219 |
| 856 | 4 | 2 | |m V:DE-603;B:DE-Mb50 |q application/pdf |u https://scans.hebis.de/HEBCGI/show.pl?38651549_toc.pdf |3 Inhaltsverzeichnis |
| 924 | 0 | |9 43 |a (DE-603)784409676 |b DE-43 |c HES |d c |g 60 16 A 5959 | |
| 924 | 0 | |9 Mb 50 |a (DE-603)783150687 |b DE-Mb50 |c HES |d c |g 16.07085 | |
| 924 | 0 | |9 2080 |a (DE-603)806703806 |b DE-2080 |c HES |d d |g / | |
| 924 | 0 | |9 4 |a (DE-603)1015264131 |b DE-4 |c HES |d c |g 001 NZN H 163505 |h Freihandbereich | |


